000 00700cam a2200277 4500
001 J736
008 090401t1992 xxu||||| |||| 00| 0 eng d
035 _a(Sirsi) u76494
041 _aeng
050 _a306.1
110 _aLondon Research Centre
_93277
245 _aHousing update. - No. 5 (May 1992)
260 _aLondon
_bLondon Research Centre
_c1992
300 _a6p. ; 30cm.
350 _a0
520 _aProduced on behalf of Roof.
650 _aHOMELESSNESS
650 _aHOUSE PRICES
650 _aHOUSING INVESTMENT
650 _aLOCAL AUTHORITIES
650 _aPRIVATE RENTED SECTOR
650 _aRENT ARREARS
690 _aHOUSING
942 _n0
948 _c04/03/1997
999 _c96188
_d96188